| 000 | 00397nam a22001697a 4500 | ||
|---|---|---|---|
| 003 | SGT | ||
| 020 | _a9789388022088 | ||
| 082 |
_a612.3 _bC18C |
||
| 100 | _aCHOUBE, ATUL | ||
| 245 | _aCONCEPTS IN PAEDIATRICS NUTRITION | ||
| 250 | _a1ST | ||
| 260 |
_aINDIA _bINNOVATIVE PUB _c2018 |
||
| 300 | _a158 | ||
| 650 | _aNUTRITION | ||
| 653 | _aCONCEPTS IN PAEDIATRICS NUTRITION | ||
| 942 |
_2ddc _cBK |
||
| 999 |
_c26337 _d26337 |
||